Tilastot visalle Karttakoe - Eurooppa

Klikkaa tästä pelataksesi tätä visaa!

Yleistilastot

  • Tätä visaa on pelattu 981 kertaa
  • Keskiarvotulos 12 / 14

Vastaukset kartalla

Vastauksille on annettu kartalla punavihreä väri sen mukaan, kuinka moni on saanut sen oikein.
 

Vastaustilastot

Vastaus% Oikein
Italia
93%
Espanja
92%
Iso Britania
92%
Portugali
92%
Irlanti
91%
Suomi
91%
Ruotsi
90%
Venäjä
89%
Ranska
85%
Saksa
85%
Puola
84%
Ukraina
82%
Unkari
79%
Slovakia
74%

Tulosjakauma

Persentiili vastausten määrän mukaan

Jokaisen tuloksen saaneiden osuus

Tuloshistoriasi

Et ole pelannut tätä visaa